00979nam a2200205 a 4500001001500000005001700015008004100032020003500073020003000108100001900138245007100157250001200228260003400240300002100274520027000295700002200565856008200587999001500669952008900684ASIN078212656120140614031124.0140614s2000 xxu eng d a0782126561 (paperback)c$34.99 a9780782126563 (paperback)1 aCourter, Gini.10aMastering microsoft project 2000 /cGini Courter, Annette Marquis. a1st ed. a[S.l.] :bSybex Books,c2000. a864 p. ;c23 cm. aMicrosoft Project enables users to efficiently plan and manage project information. This guide to the software provides a quick start chapter that gives an overview of the project management process and covers integration with Outlook and other Office applications.1 aMarquis, Annette.403Amazon.comuhttp://www.amazon.com/exec/obidos/ASIN/0782126561/chopaconline-20 c6637d6637 00104070aQUESTCLbSTd2014-06-14l0o005.74068COUp25978r2014-06-14 00:00:00yBK